Lead Technical Services Ltd v CMS Medical (Record no. 78868)

MARC details
000 -LEADER
fixed length control field 01681cad a22002055a 4500
001 - CONTROL NUMBER
control field L138432
008 - FIXED-LENGTH DATA ELEMENTS--GENERAL INFORMATION
fixed length control field 070606e20070130xxk f w 000 0 eng d
035 ## - SYSTEM CONTROL NUMBER
System control number (Sirsi) u138432
041 0# - LANGUAGE CODE
Language code of text/sound track or separate title eng
245 00 - TITLE STATEMENT
Title Lead Technical Services Ltd v CMS Medical
Medium [electronic resource]
260 ## - PUBLICATION, DISTRIBUTION, ETC.
Date of publication, distribution, etc. 2007
520 ## - SUMMARY, ETC.
Summary, etc. [2007] EWCA Civ 316, 30 January 2007. Concerned the incorrect enforcement of an adjudicator's decision. A dispute over fees was referred by respondent consulting engineers (L) to adjudication. Appellant company (C) contended that the adjudicator had no jurisdiction to hear the dispute as a deed of appointment had replaced the earlier agreement between the parties, and the adjudication rules in the deed were not the same as in the original agreement. In addition, there had been an oral agreement that L's fees would be capped. The adjudication went in L's favour, L issued proceedings to enforce it, and was granted summary judgment. C appealed. "Held": appeal allowed. The judge had erred in enforcing the adjudicator's decision as there was a real prospect that C could prove the terms contained in the deed that would remove the adjudicator's jurisdiction.
590 ## - LOCAL NOTE (RLIN)
Local note KA
650 24 - SUBJECT ADDED ENTRY--TOPICAL TERM
Topical term or geographic name entry element LEAD TECHNICAL SERVICES LTD V CMS MEDICAL LTD
650 24 - SUBJECT ADDED ENTRY--TOPICAL TERM
Topical term or geographic name entry element HOUSING GRANTS, CONSTRUCTION AND REGENERATION ACT 1996 PART II
651 #4 - SUBJECT ADDED ENTRY--GEOGRAPHIC NAME
Geographic name England and Wales
Chronological subdivision 1543-
690 ## - LOCAL SUBJECT ADDED ENTRY--TOPICAL TERM (OCLC, RLIN)
Topical term or geographic name as entry element MANAGEMENT-DISPUTE AVOIDANCE, MANAGEMENT AND RESOLUTION-DISPUTE MANAGEMENT AND RESOLUTION-ALTERNATIVE DISPUTE RESOLUTION-ADJUDICATION
856 40 - ELECTRONIC LOCATION AND ACCESS
Uniform Resource Identifier <a href="https://www.bailii.org/cgi-bin/markup.cgi?doc=/ew/cases/EWCA/Civ/2007/316.html">https://www.bailii.org/cgi-bin/markup.cgi?doc=/ew/cases/EWCA/Civ/2007/316.html</a>
Public note View the judgment free of charge at www.bailii.org...
942 ## - ADDED ENTRY ELEMENTS (KOHA)
Suppress in OPAC 0
Holdings
Withdrawn status Lost status Source of classification or shelving scheme Damaged status Not for loan Home library Current library Shelving location Date acquired Total Checkouts Full call number Barcode Date last seen Copy number Price effective from Koha item type
    Dewey Decimal Classification     Virtual Virtual Online 06/06/2007   ONLINE PUBLICATION 138432-2001 06/08/2019 1 06/08/2019 Law report